000 00421nam a22001577a 4500
999 _c63932
_d63932
005 20181106163507.0
010 _aB-166463
020 _a8176211583
_c195.00
035 _aB-166446, B-166463
037 _aDPL
_bENG
100 _aBatra, Pramod
245 _aBe a winner everytime /
_cby Pramod Batra
260 _aNew Delhi
_bThink Inc.
_c2004
300 _a245p.
_c18 cms.
942 _2ddc
_cEN
_h158
_mBAT